Statistics for Famous Football (Soccer) Players A-Z

Click here to take the quiz!

General Stats

  • This quiz has been taken 135 times
  • The average score is 20 of 26

Answer Stats

HintAnswer% Correct
BAmazing Italian goalkeeperGianluigi Buffon
95%
LPolish striker who plays for Bayern MunichRobert Lewandowski
92%
SEgyptian winger who plays for LiverpoolMohamed Salah
91%
MConsidered one of the best players in the world; plays for BarcelonaLionel Messi
90%
KEngland's top strikerHarry Kane
89%
NHolds the record for the most expensive transfer; plays for PSGNeymar Jr.
89%
RConsidered one of the best players in the world; plays for JuventusCristiano Ronaldo
87%
COne of the Netherlands' greatestJohan Cruyff
87%
AScored a last minute goal to win the EPLSergio Agüero
87%
OAtletico Madrid's goalkeeperJan Oblak
85%
HReal Madrid flop from ChelseaEden Hazard
84%
FAttacker for LiverpoolRoberto Firmino
83%
PMan Utd midfielder who won the 2018 world cupPaul Pogba
82%
WVery fast Man City right backKyle Walker
78%
XArsenal midfielder who is SwissGranit Xhaka
76%
VReal Madrid center back who won the 2018 world cupRaphael Varane
76%
TLiverpool midfielder who recently transferred from Bayern MunichThiago
75%
GWon the 2018 world cup and plays in spainAntoine Griezmann
74%
JChelsea's "hop" penalty takerJorginho
72%
UYoung center-back who just transferred to Bayern MunichDayot Upamecano
66%
QPortuguese attacker who plays for VitoriaRicardo Quaresma
64%
ERecently transferred from Tottenham to InterChristian Eriksen
62%
IPSG striker who formally played for Inter MilanMauro Icardi
62%
YUkrainian, plays for West HamAndriy Yarmolenko
57%
ZAttacking midfielder for ChelseaHakim Ziyech
56%
DGreat midfielder for JuventusPaulo Dybala
34%

Score Distribution

Percentile by Number Answered

Percent of People with Each Score

Your Score History

You have not taken this quiz